Countries and Regions - Sudden Death - Statistics

General Stats
  • This quiz has been taken 39 times
  • The average score is 9 of 17
Answers on the Grid
Answers color-coded by a green-red scale on the quiz's grid according to % correct below.
Bavaria
Lorland
Raptoria
Styria
Wallachia
Yennem
Patagonia
Umbasa
Dordonia
Obristan
Buryatia
Yorubaland
Colovia
Irtemberg
Hejaz
Semiland
Luristan
Gondwana
Arcadia
Ovango
Ogaden
Wajab
Brittany
Columbia
Pondelmonte
Ertut
Hormozgan
Kabylia
Amazonia
Yunnan
 
Answer Stats
Answer % Correct
Bavaria
100%
Patagonia
100%
Brittany
80%
Wallachia
80%
Amazonia
70%
Columbia
70%
Arcadia
60%
Yunnan
60%
Buryatia
50%
Yorubaland
40%
Gondwana
30%
Kabylia
30%
Ogaden
30%
Styria
30%
Hejaz
20%
Hormozgan
20%
Luristan
20%
No matching quizzes found
Score Distribution
Percent of People with Each Score
Percentile by Number Answered
Your Score History
You have not taken this quiz